MARC-Details
| 000 -Satzkennung |
| Kontrollfeld mit fester Länge |
01962nam a22003493i 4500 |
| 001 - Kontrollnummer |
| Kontrollfeld |
EBC6961654 |
| 003 - Kontrollnummer Identifier |
| Kontrollfeld |
MiAaPQ |
| 005 - Datum und Zeit der letzten Transaktion |
| Kontrollfeld |
20240321180747.0 |
| 007 - Feld mit fester Länge zur physischen Beschreibung - Allgemeine Information |
| Kontrollfeld mit fester Länge |
cr cnu|||||||| |
| 008 - Feld mit fester Länge zur physischen Beschreibung - Allgemeine Angaben |
| Kontrollfeld mit fester Länge |
230726s2022 xx o ||||0 ger d |
| 020 ## - Internationale Standardbuchnummer |
| Internationale Standardbuchnummer |
9783110764994 |
| Nähere Angaben |
(electronic bk.) |
| 040 ## - Katalogisierungsquelle |
| Original-Katalogisierungsstelle |
MiAaPQ |
| Katalogisierungssprache |
eng |
| Übertragungsstelle |
MiAaPQ |
| 100 1# - Haupteintragung - Personenname |
| Personenname |
Czarnikow, Marie. |
| Koha-Normdatenidentnummer |
25139 |
| Funktionsbezeichnungscode |
aut |
| Funktionsbezeichnung |
author |
| 245 10 - Titel |
| Titel |
Diaristik im Ersten Weltkrieg : |
| Zusatz zum Titel |
zwischen Alltagspragmatik und Privathistoriographie |
| Verfasserangabe etc. |
Marie Czarnikow |
| 264 #1 - Produktion, Veröffentlichung, Distribution, Herstellung und Urheberrechtsvermerk |
| Herstellungs-, Veröffentlichungs- Vertriebs-, Erzeugungsort |
Berlin ; Boston : |
| Produzent, Herausgeber, Distributor, Hersteller |
Walter de Gruyter, |
| Datum der Herstellung, der Veröffentlichung, des Vertriebs oder des Urheberschutzvermerks |
2022. |
| 264 #4 - Produktion, Veröffentlichung, Distribution, Herstellung und Urheberrechtsvermerk |
| Datum der Herstellung, der Veröffentlichung, des Vertriebs oder des Urheberschutzvermerks |
©2022. |
| 300 ## - Physische Beschreibung |
| Umfang |
1 online resource (422 pages) |
| 336 ## - Inhaltstyp |
| Inhaltstypterm |
Text |
| Inhaltstypcode |
txt |
| Quelle |
rdacontent |
| 337 ## - Medientyp |
| Bezeichnung des Medientyps |
Computermedien |
| Medientypcode |
c |
| Quelle |
rdamedia |
| 338 ## - Datenträgertyp |
| Datenträgertypbezeichnung |
Online Resource |
| Datenträgertypcode |
cr |
| Quelle |
rdacarrier |
| 490 0# - Gesamttitelangabe |
| Gesamttitelangabe |
Minima : Literatur- und Wissensgeschichte kleiner Formen ; |
| Bandnummer/Folgebezeichnung |
v.5 |
| 500 ## - Allgemeine Fußnote |
| Allgemeine Fußnote |
E-Book-ProQuest / Fernzugriff nach Registrierung möglich |
| 502 ## - Dissertationsvermerk |
| Art des Abschlusses |
Dissertation, Humboldt-Universität zu Berlin, |
| Graduierungsjahr |
2020 |
| 505 0# - Fußnote zu strukturierten Inhaltsangaben |
| Fußnote zu strukturierten Inhaltsangaben |
Intro -- Inhaltsverzeichnis -- Einleitung: Labor der Diaristik -- Teil I: Gebrauchsroutinen -- 1 Zwischen Erlebnis und Pragmatik: Kriegstagebücher an den Fronten -- 2 Zwischen Teilnahme und Entzug: Kriegstagebücher in der Heimat -- 3 Kriegsdiaristik im Spannungsfeld von Historismus, Volkskunde und Kriegsliteratur -- Teil II: Zeitgeschichten -- 4 Aktualität und Gegenwart als Zeithorizonte der Diaristik -- 5 Zeitzeugenschaft avant la lettre -- 6 Diaristische Ereignisdramaturgien des Weltkriegs -- Schluss: Diaristik zwischen Alltagspragmatik und Privathistoriographie -- Bibliographie -- Abbildungsverzeichnis -- Biogramme -- Danksagung -- Personenverzeichnis. |
| 650 #7 - Nebeneintragung unter einem Schlagwort - Sachschlagwort |
| Quelle der Ansetzung oder des Terms |
gnd |
| Sachschlagwort oder geografischer Name als Eintragungselement |
Kriegsliteratur |
| Koha-Normdatenidentnummer |
25270 |
| 655 ## - Indexierungsterm - Genre/Form |
| Genre/Form oder fokussierter Term |
Fernzugriff |
| Koha-Normdatenidentnummer |
230 |
| 655 ## - Indexierungsterm - Genre/Form |
| Genre/Form oder fokussierter Term |
Tagebuch |
| Koha-Normdatenidentnummer |
935 |
| 655 ## - Indexierungsterm - Genre/Form |
| Genre/Form oder fokussierter Term |
Hochschulschrift |
| 830 #0 - Nebeneintragung unter dem Gesamttitel - Einheitstitel |
| Einheitstitel |
Minima Series |
| Koha-Normdatenidentnummer |
25140 |
| 856 40 - Elektronische Adresse und Zugriff |
| URL |
<a href="https://ebookcentral.proquest.com/lib/maxweberstiftung-ebooks/detail.action?docID=6961654">https://ebookcentral.proquest.com/lib/maxweberstiftung-ebooks/detail.action?docID=6961654</a> |
| OPAC-Notiz |
Volltext |
| 942 ## - Zusätzliche Felder (Koha) |
| Koha-Medientyp |
E-Books |
| Klassifikation oder Aufstellungssystematik |
Andere/Generische Klassifikation |